Album by description of cover - rock and metal - Statistics

General Stats
  • This quiz has been taken 29 times
    26 since last reset
  • The average score is 9 of 16
Answer Stats
Hint Answer % Correct
A baby swimming underwaterchasing a dollar bill Nevermind
92%
Features Lady Justice tiedup in rope and blindfolded ... And Justice for All
88%
A black background with a snake in the corner Metallica
76%
An electric chair in the clouds with lightning bolts around with blue clouds Ride the lightning
76%
A military graveyard with strings attached to eachgrave being controlled by a hand from the sky Master of Puppets
72%
Red text against a white brick wall The Wall
72%
A white building in a sunset withpalm trees in the foreground Hotel California
56%
A man on fire dressed in a suit shaking hands with a second man in a suit Wish you were here
56%
A baby with angel wings and a packof cigarettes 1984
48%
Ozzy Osbourne as an angel No more tears
44%
A resonator guitar in the sky Brothers in Arms
40%
A drummer, bassist, guitarist and vocalist each in the own quarter of the cover with the band name in the middle Van Halen
40%
A painting of an old man with a bundleof sticks on his back with a walking stick Led Zeppelin IV
36%
A circular UFO with a blue flame propelling it upwards Boston
28%
A lightning bolt with the band's guitaristbehind the lightning bolt High Voltage
28%
A grey new York Building with lettersin the Windows Physical Graffiti
24%
No matching quizzes found
Score Distribution
Percent of People with Each Score
Percentile by Number Answered
Your Score History
You have not taken this quiz since the last reset